00592nam a2200193Ia 4500008004100000020001500041082001200056100002100068245001900089250000700108260003600115300002900151500001900180600003300199650001200232942000700244952013200251999001500383240925s9999 xx 000 0 und d a8120308468 a539 OHA aOhanian, Hans C. 0aModern Physics aNA aLondon:bPrentice, Hallc,1987. axxiv,680p.bNAfOriginal aIncludes Index aHumanities & Natural Science aPhysics cBK 001040708HUMaUITUbUITUd1997-06-25eParamount Book Pvt Ltdg179.00l0o539 OHApQ1060r2024-09-25 07:12:18w2024-09-25yBK c3559d3559